Struktura fronta detonacii v gazach /

Saved in:
Bibliographic Details
Main Authors: Vojcechovskij, B.V (Author), Mitrofranov, V.V (Author), Topčijan, M.E (Author)
Format: Book
Language:Russian
Published: Novosibirsk : I.S.O.A.H, 1963
Subjects:
Tags: Add Tag
No Tags, Be the first to tag this record!

MARC

LEADER 00000nam a22000003a 4500
001 stu44101
005 20150617225717.5
008 950127s1963----xxr-----------------rus-d
040 |a STU  |b slo 
041 0 |a rus 
044 |a xxr 
080 |a 533.6.011.7 
100 1 |a Vojcechovskij, B.V  |4 aut 
245 1 |a Struktura fronta detonacii v gazach /  |c [aut.]B.V. Vojcechovskij, V.V. Mitrofranov, M.E. Topčijan 
260 |a Novosibirsk :  |b I.S.O.A.H,  |c 1963 
300 |a 167 s 
650 7 |a plyny  |2 stusub 
650 7 |a Detonácia  |2 stusub 
650 7 |a Detonácia plynová  |2 stusub 
700 1 |a Mitrofranov, V.V  |4 aut 
700 1 |a Topčijan, M.E  |4 aut 
996 |b 284M061898  |c M*3099-1  |l MMKN  |s A  |a 24  |w stu44101_0001